| 000 | 01111nam a2200265 i 4500 | ||
|---|---|---|---|
| 003 | EG-ScBUE | ||
| 005 | 20240221102943.0 | ||
| 008 | 100707s1993 ua f b 000 0 ara d | ||
| 040 |
_aEG-ScBUE _bara _erda _cEG-ScBUE _dEG-ScBUE |
||
| 043 | _aa-ja--- | ||
| 082 | 0 | 4 |
_222 _a320.952 _bش ر ي |
| 100 | 1 |
_915998 _aشريف، حسين، _eمؤلف. |
|
| 245 | 1 | 2 |
_aالتحدي الياباني في التسعينات : _bدراسة تحليلية للأوضاع السياسية والاقتصادية والاجتماعية في اليابان / _cحسين شريف. |
| 250 | _aالطبعة الأولى. | ||
| 264 | 1 |
_aالقاهرة : _bمكتبة مدبولي، _c1993. |
|
| 300 |
_a339 صفحة ؛ _c24 سم |
||
| 336 |
_2rdacontent _aنص _btxt |
||
| 337 |
_aبدون وسيط _2rdamedia _bn |
||
| 338 |
_aمجلد _bnc _2rdacarrier |
||
| 504 | _aيشتمل على إرجاعات ببليوجرافية. | ||
| 541 |
_aألف باء؛ _cشراء ؛ |
||
| 651 | 7 |
_916001 _aاليابان _xأحوال سياسية _yالعصر الحديث _yقرن 20. _2BUEsh |
|
| 655 | _vReading book | ||
| 942 |
_2ddc _cBB |
||
| 999 |
_c14417 _d14417 |
||